Simposio "Toledo Ilustrado" (Record no. 187217)
[ view plain ]
| 000 -LEADER | |
|---|---|
| campo de control de longitud fija | 01379nam a2200301 i 4500 |
| 001 - NÚMERO DE CONTROL | |
| campo de control | 187217 |
| 003 - IDENTIFICADOR DE NÚMERO DE CONTROL | |
| campo de control | ES-MaACL |
| 005 - FECHA Y HORA DE LA ÚLTIMA TRANSACCIÓN | |
| campo de control | 20251009195433.0 |
| 008 - DATOS DE LONGITUD FIJA--INFORMACIÓN GENERAL | |
| campo de control de longitud fija | 170508s1975 sp cf |||| | spa d |
| 080 ## - NÚMERO DE LA CLASIFICACIÓN DECIMAL UNIVERSAL | |
| Número de la Clasificación Decimal Universal | 929:24 Lorenzana, Francisco Antonio de (063) |
| 080 ## - NÚMERO DE LA CLASIFICACIÓN DECIMAL UNIVERSAL | |
| Número de la Clasificación Decimal Universal | 946.028.5 T.(063) |
| 111 2# - ENTRADA PRINCIPAL--NOMBRE DE CONGRESO/REUNIÓN | |
| Nombre de congreso/reunión o jurisdicción como elemento de entrada | Simposio "Toledo Ilustrado" ( |
| Número del congreso/reunión o número de parte o sección | 3º. |
| Fecha del congreso o de la firma del tratado | 1973. |
| Sede del congreso/Lugar de la reunión | Toledo) |
| 9 (RLIN) | 162566 |
| 245 10 - MENCIÓN DEL TÍTULO | |
| Título | Simposio "Toledo Ilustrado" |
| Resto del título | : (Toledo 22-24 marzo 1973) / |
| Mención de responsabilidad, etc. | [prólogo, Salvador de Moxó ; Francisco Tomás y Valiente ... (et al.)]. |
| 246 38 - FORMA VARIANTE DEL TITULO | |
| Título propio/Titulo breve | Toledo Ilustrado |
| 260 ## - PUBLICACIÓN, DISTRIBUCIÓN, ETC. | |
| Lugar de publicación, distribución, etc. | [Toledo] : |
| Nombre del editor, distribuidor, etc. | Publicaciones del Centro Universitario de Toledo, Universidad Complutense, |
| Fecha de publicación, distribución, etc. | [1975] |
| 300 ## - DESCRIPCIÓN FÍSICA | |
| Extensión | 2 v. : |
| Otras características físicas | 1 lám. retr. ; |
| Dimensiones | 20 cm. |
| 490 1# - MENCIÓN DE SERIE | |
| Mención de serie | Toledo universitario ; |
| Designación de volumen o secuencia | 12-13 |
| 504 ## - NOTA DE BIBLIOGRAFÍA, ETC. | |
| Nota de bibliografía, etc. | Referencias bibliográficas. |
| 599 ## - NOTA A LAS ILUSTRACIONES | |
| NOTA A LAS ILUSTRACIONES | Retr. de Francisco Antonio de Lorenzana en v. 2. |
| 600 17 - PUNTO DE ACCESO ADICIONAL DE MATERIA--NOMBRE DE PERSONA | |
| Nombre de persona | Lorenzana, Francisco Antonio de, |
| Fechas asociadas al nombre | 1722-1804- |
| Subdivisión de forma | Congresos y asambleas |
| Fuente del encabezamiento o término | |
| 9 (RLIN) | 162567 |
| 651 #4 - PUNTO DE ACCESO ADICIONAL DE MATERIA--NOMBRE GEOGRÁFICO | |
| Nombre geográfico | Toledo- |
| Subdivisión general | Historia- |
| Subdivisión de forma | Congresos y asambleas. |
| 9 (RLIN) | 162524 |
| 700 1# - ENTRADA AGREGADA--NOMBRE PERSONAL | |
| Nombre de persona | Moxó y Ortiz de Villajos, Salvador de. |
| 9 (RLIN) | 83946 |
| 700 0# - ENTRADA AGREGADA--NOMBRE PERSONAL | |
| Nombre de persona | Tomás y Valiente, Francisco, |
| Fechas asociadas al nombre | 1932-1996 |
| 9 (RLIN) | 110535 |
| 710 2# - ENTRADA AGREGADA--NOMBRE DE ENTIDAD CORPORATIVA | |
| Nombre de entidad corporativa o nombre de jurisdicción como elemento de entrada | Universidad Complutense de Madrid. |
| Unidad subordinada | Centro Universitario de Toledo. |
| 9 (RLIN) | 162578 |
| 830 0# - PUNTO DE ACCESO ADICIONAL DE SERIE-TÍTULO UNIFORME | |
| Título uniforme | Toledo universitario ; |
| Designación de volumen o secuencia | 12-13 |
| 9 (RLIN) | 185581 |
| 852 ## - LOCALIZACIÓN | |
| Ubicación | ES-MaACL |
| Número de control de estantería | L-31564-65 |
| Estatus retirado | Estado de pérdida | Estado de daño | No para préstamo | Biblioteca de origen | Biblioteca actual | Ubicación en estantería | Fecha de adquisición | Fuente de adquisición | Total de préstamos | Signatura topográfica completa | Código de barras | Visto por última vez | Precio de reemplazo | Tipo de ítem Koha |
|---|---|---|---|---|---|---|---|---|---|---|---|---|---|---|
| Biblioteca del Ateneo de Madrid | Biblioteca del Ateneo de Madrid | Depósito 2 | 08/05/2017 | L-31564-65 | 1197547 | 23/02/2023 | 23/02/2023 | Libro impreso |
